[Event "Sueca op 3rd"]
[Site "Sueca"]
[Date "2017.07.25"]
[Round "2"]
[White "Valmana Canto, Jaime"]
[Black "Crecente Penalba, Jose Manuel"]
[Result "1/2-1/2"]
[WhiteElo "2356"]
[BlackElo "2144"]
[PlyCount "117"]
[EventDate "2017.07.24"]
[EventType "swiss"]
[EventRounds "8"]
[EventCountry "ESP"]
[SourceTitle "CBM 179 Extra"]
[Source "ChessBase"]
[SourceDate "2017.08.23"]
[SourceVersion "1"]
[SourceVersionDate "2017.08.23"]
[SourceQuality "1"]

1. d4 Nf6 2. c4 e6 3. Nc3 Bb4 4. Nf3 d5 5. Qa4+ Nc6 6. cxd5 exd5 7. Bg5 h6 8. Bxf6 Qxf6 9. e3 0-0 10. Be2 Bf5 11. 0-0 Bxc3 12. bxc3 Ne7 13. c4 c6 14. Qb4 dxc4 15. Qxb7 c3 16. Rfc1 c2 17. Ne1 c5 18. dxc5 Rfb8 19. Qf3 Qg6 20. e4 Bxe4 21. Bd3 Bxf3 22. Bxg6 Nxg6 23. gxf3 Rb2 24. Nd3 Rb7 25. Rxc2 Rd8 26. c6 Rc7 27. Nb4 Rd6 28. Rac1 Ne7 29. Rc5 Rg6+ 30. Kf1 Rg5 31. Rxg5 hxg5 32. Rc5 f6 33. Rb5 Rc8 34. Rb7 Nxc6 35. Nxc6 Rxc6 36. Rxa7 Rc2 37. Kg2 Kh7 38. Kg3 Kg6 39. a4 Ra2 40. a5 Kf5 41. a6 Ra3 42. h3 Ra4 43. Ra8 Ra3 44. Ra7 Ra4 45. Ra8 Ra3 46. a7 Ra4 47. f4 gxf4+ 48. Kf3 g5 49. Ke2 Ra2+ 50. Kd3 Ra3+ 51. Kd4 Ra4+ 52. Kc5 Ra1 53. f3 Rc1+ 54. Kd6 Rd1+ 55. Ke7 Re1+ 56. Kf7 Ra1 57. Kg7 Ra6 58. Kh6 Ra1 59. Kg7 1/2-1/2

[Event "Sueca op 1st"]
[Site "Sueca"]
[Date "2015.07.31"]
[Round "5"]
[White "Crecente Penalba, Jose Manuel"]
[Black "Vicente Sanz, Andres"]
[Result "1-0"]
[WhiteElo "2153"]
[BlackElo "1929"]
[PlyCount "54"]
[EventDate "2015.07.27"]
[EventType "swiss"]
[EventRounds "8"]
[EventCountry "ESP"]
[SourceTitle "EXT 2016"]
[Source "ChessBase"]
[SourceDate "2015.10.08"]
[SourceVersion "1"]
[SourceVersionDate "2015.10.08"]
[SourceQuality "1"]

1. e4 e5 2. Nf3 Nc6 3. Bb5 Bc5 4. 0-0 Nf6 5. d3 h6 6. Bxc6 dxc6 7. Nxe5 Bd4 8. Nf3 Bb6 9. Nbd2 0-0 10. h3 Be6 11. Re1 Qd7 12. Nf1 Rad8 13. Be3 c5 14. Ng3 Rfe8 15. Qe2 Qb5 16. a4 Qa6 17. a5 Bxa5 18. Bd2 b6 19. Bxa5 bxa5 20. b3 Nd7 21. Qd2 c4 22. Rxa5 Qb6 23. bxc4 Nb8 24. Qc3 c5 25. Rb5 Qc7 26. Reb1 Qf4 27. Nh5 Qc7 1-0

[Event "Almansa op 5th"]
[Site "Almansa"]
[Date "2010.08.12"]
[Round "5"]
[White "Crecente Penalba, Jose Manuel"]
[Black "Fernandez Barrera, Victor"]
[Result "0-1"]
[WhiteElo "2134"]
[BlackElo "2326"]
[PlyCount "73"]
[EventDate "2010.08.09"]
[EventType "swiss"]
[EventRounds "9"]
[EventCountry "ESP"]
[SourceTitle "EXT 2011"]
[Source "ChessBase"]
[SourceDate "2010.11.26"]
[SourceVersion "1"]
[SourceVersionDate "2010.11.26"]
[SourceQuality "1"]

1. d4 Nf6 2. Nf3 g6 3. e3 Bg7 4. b3 0-0 5. Bb2 d5 6. Bd3 Ne4 7. Nbd2 Nxd2 8. Qxd2 c5 9. 0-0 Nc6 10. h3 Qc7 11. Rfd1 Rd8 12. Rac1 b6 13. c4 Nb4 14. cxd5 Nxd3 15. Qxd3 Rxd5 16. e4 Rd8 17. Qe2 Bh6 18. Rc2 Qd6 19. d5 Bb7 20. e5 Qc7 21. Qe4 e6 22. Qh4 Bg7 23. d6 Qc6 24. Rc4 Rd7 25. Bc1 Bxe5 26. Bf4 Bg7 27. Qg3 f6 28. Qg4 Re8 29. Nd4 Qxg2+ 30. Qxg2 Bxg2 31. Kxg2 cxd4 32. Rc7 Rxc7 33. dxc7 e5 34. Rc1 Rc8 35. Bd2 Kf7 36. Rc6 Ke7 37. f4 0-1

[Event "Mislata op 43rd"]
[Site "Mislata"]
[Date "2009.08.25"]
[Round "2"]
[White "Crecente Penalba, Jose Manuel"]
[Black "Ortiz Suarez, Isan Reynaldo"]
[Result "0-1"]
[WhiteElo "2106"]
[BlackElo "2504"]
[PlyCount "58"]
[EventDate "2009.08.24"]
[EventType "swiss"]
[EventRounds "9"]
[EventCountry "ESP"]
[SourceTitle "CBM 131 Extra"]
[Source "ChessBase"]
[SourceDate "2009.09.03"]
[SourceVersion "2"]
[SourceVersionDate "2009.09.16"]
[SourceQuality "1"]

1. d4 Nf6 2. c4 c5 3. d5 e6 4. Nc3 exd5 5. cxd5 d6 6. e4 g6 7. f4 Bg7 8. Bb5+ Nfd7 9. Be2 0-0 10. Nf3 Re8 11. 0-0 Na6 12. Bd2 Nc7 13. Qc2 Nf6 14. Rae1 a6 15. a4 Rb8 16. a5 Bg4 17. Ng5 Bxe2 18. Rxe2 Nb5 19. Nxb5 axb5 20. e5 dxe5 21. fxe5 Qxd5 22. Bc3 b4 23. exf6 Qxg5 24. Rxe8+ Rxe8 25. Bd2 Qd5 26. Bxb4 Bxf6 27. Bxc5 Bxb2 28. Qxb2 Qxc5+ 29. Qf2 Qd5 0-1

[Event "Valencia Autonomico Sur-A"]
[Site "Valencia"]
[Date "2009.01.24"]
[Round "3.1"]
[White "Crecente Penalba, Jose Manuel"]
[Black "Aracil Serra, Javier"]
[Result "0-1"]
[WhiteElo "2140"]
[BlackElo "2199"]
[PlyCount "48"]
[EventDate "2009.01.10"]
[EventType "team-tourn"]
[EventRounds "5"]
[EventCountry "ESP"]
[SourceTitle "EXT 2011"]
[Source "ChessBase"]
[SourceDate "2010.11.26"]
[SourceVersion "1"]
[SourceVersionDate "2010.11.26"]
[SourceQuality "1"]

1. d4 d6 2. c4 e5 3. Nf3 e4 4. Ng5 f5 5. Nc3 Nf6 6. Qb3 h6 7. Nh3 g5 8. e3 Bg7 9. Be2 0-0 10. Bd2 c5 11. d5 Nbd7 12. 0-0-0 Ne5 13. Rdf1 a6 14. f4 exf3 15. gxf3 b5 16. cxb5 axb5 17. Bxb5 Ba6 18. Bxa6 Rxa6 19. Nb5 c4 20. Qc2 Rxa2 21. Bc3 Nd3+ 22. Kd2 Qb6 23. Nd4 Nxd5 24. Rb1 f4 0-1

[Event "Cullera op-A"]
[Site "Cullera"]
[Date "2007.07.07"]
[Round "2"]
[White "Crecente Penalba, Jose Manuel"]
[Black "Lacrosse, Marc"]
[Result "1-0"]
[WhiteElo "2140"]
[BlackElo "2301"]
[PlyCount "53"]
[EventDate "2007.07.06"]
[EventType "swiss"]
[EventRounds "9"]
[EventCountry "ESP"]
[SourceTitle "CBM 119 Extra"]
[Source "ChessBase"]
[SourceDate "2007.09.04"]
[SourceVersion "1"]
[SourceVersionDate "2007.09.04"]
[SourceQuality "1"]

1. d4 d5 2. c4 e6 3. Nc3 Nf6 4. Nf3 c6 5. e3 Nbd7 6. Qc2 Bd6 7. Bd3 0-0 8. 0-0 a6 9. e4 dxc4 10. Bxc4 e5 11. d5 Nb6 12. Bb3 cxd5 13. exd5 Bg4 14. Ng5 Rc8 15. Qd3 h6 16. Nge4 Bf5 17. Qf3 Bxe4 18. Nxe4 Nxe4 19. Qxe4 f5 20. Qe2 Qh4 21. Bd2 Nd7 22. Rfc1 e4 23. f4 Nf6 24. Rc4 Rxc4 25. Qxc4 Kh7 26. Bd1 Rf7 27. Be1 1-0

[Event "Cullera op-A"]
[Site "Cullera"]
[Date "2006.07.26"]
[Round "6"]
[White "Mezcua Coronil, Felix"]
[Black "Crecente Penalba, Jose Manuel"]
[Result "0-1"]
[WhiteElo "2222"]
[BlackElo "2096"]
[PlyCount "74"]
[EventDate "2006.07.20"]
[EventType "swiss"]
[EventRounds "9"]
[EventCountry "ESP"]
[SourceTitle "EXT 2007"]
[Source "ChessBase"]
[SourceDate "2006.11.23"]
[SourceVersion "1"]
[SourceVersionDate "2006.11.23"]
[SourceQuality "1"]

1. e4 e5 2. Nf3 Nf6 3. Nc3 Nc6 4. Bb5 Nd4 5. Ba4 Bc5 6. 0-0 0-0 7. d3 d6 8. Nxd4 Bxd4 9. Ne2 Bb6 10. Bg5 h6 11. Bh4 g5 12. Bg3 Nh5 13. d4 Nf4 14. dxe5 dxe5 15. Nc3 c6 16. Bxf4 gxf4 17. Qh5 Qf6 18. Bb3 a6 19. Rad1 Bd4 20. Rd3 Qg7 21. Kh1 Bg4 22. Qh4 Rae8 23. g3 f3 24. h3 h5 25. hxg4 hxg4 26. Nd1 Qg6 27. Ne3 Bxe3 28. fxe3 Kg7 29. Bxf7 Rxf7 30. Rd8 Rxd8 31. Qxd8 Qh5+ 32. Qh4 Qxh4+ 33. gxh4 g3 34. Rd1 Kg6 35. Kg1 Kh5 36. Kf1 Kg4 37. h5 Kh3 0-1

[Event "Valencia-chT Div Honor"]
[Site "Alfas del Pi"]
[Date "2005.01.22"]
[Round "2.3"]
[White "Mullor Gomez, Luis"]
[Black "Crecente Penalba, Jose Manuel"]
[Result "1/2-1/2"]
[WhiteElo "2331"]
[BlackElo "2108"]
[PlyCount "23"]
[EventDate "2005.01.22"]
[EventType "team-tourn"]
[EventRounds "10"]
[EventCountry "ESP"]
[SourceTitle "CBM 104 Extra"]
[Source "ChessBase"]
[SourceDate "2005.03.01"]
[SourceVersion "1"]
[SourceVersionDate "2005.03.01"]
[SourceQuality "1"]

1. e4 e5 2. Nf3 Nf6 3. Nc3 Nc6 4. Be2 d5 5. exd5 Nxd5 6. 0-0 Be7 7. Bb5 Nxc3 8. bxc3 e4 9. Nd4 Qd5 10. Re1 0-0 11. Nxc6 bxc6 12. Ba4 1/2-1/2

[Event "Mislata op 12th"]
[Site "Mislata"]
[Date "2004.08.23"]
[Round "5"]
[White "Gonzalvez Perales, Jose Luis"]
[Black "Crecente Penalba, Jose Manuel"]
[Result "0-1"]
[WhiteElo "1964"]
[BlackElo "2135"]
[PlyCount "46"]
[EventDate "2004.08.19"]
[EventType "swiss"]
[EventRounds "9"]
[EventCountry "ESP"]
[SourceTitle "EXT 2005"]
[Source "ChessBase"]
[SourceDate "2004.11.15"]
[SourceVersion "1"]
[SourceVersionDate "2004.11.15"]
[SourceQuality "1"]

1. Nf3 d5 2. d4 Nf6 3. Bg5 e6 4. e3 c5 5. c3 Qb6 6. Qb3 Nc6 7. Nbd2 Be7 8. Qxb6 axb6 9. Bb5 Bd7 10. 0-0 0-0 11. Rfe1 h6 12. Bh4 Rfd8 13. a3 Nxd4 14. Nxd4 cxd4 15. c4 Bxb5 16. cxb5 dxe3 17. Rxe3 Rdc8 18. Nf3 Rc2 19. Rb1 Rac8 20. Ree1 R8c4 21. b3 Rc8 22. a4 Bc5 23. Kf1 Ne4 0-1

[Event "Cullera op-A 25th"]
[Site "Cullera"]
[Date "2004.07.23"]
[Round "4"]
[White "Deruelle Sala, Albert"]
[Black "Crecente Penalba, Jose Manuel"]
[Result "1-0"]
[WhiteElo "2021"]
[BlackElo "2135"]
[PlyCount "151"]
[EventDate "2004.07.??"]
[EventType "swiss"]
[EventRounds "9"]
[EventCountry "ESP"]
[SourceTitle "CBM 101 Extra"]
[Source "ChessBase"]
[SourceDate "2004.09.01"]
[SourceVersion "2"]
[SourceVersionDate "2004.09.01"]
[SourceQuality "1"]

1. d4 d5 2. c4 c6 3. Nc3 Nf6 4. Nf3 dxc4 5. a4 Bf5 6. e3 e6 7. Bxc4 Bb4 8. 0-0 0-0 9. Nh4 Nbd7 10. g3 Bh3 11. Ng2 Qe7 12. Qe2 e5 13. f3 Rad8 14. Rd1 Rfe8 15. d5 e4 16. Nxe4 Nxe4 17. fxe4 Ne5 18. Rf1 Qg5 19. b3 Qh6 20. Rf2 Bg4 21. Qf1 Bh3 22. Rf4 Bc3 23. Ra2 Qh5 24. Ba3 g5 25. Rff2 Ng4 26. Rf3 Nxh2 27. Kxh2 Bg4+ 28. Nh4 gxh4 29. Rf4 hxg3+ 30. Kxg3 Be1+ 31. Raf2 Bxf2+ 32. Kxf2 Qh4+ 33. Kg1 Qg3+ 34. Kh1 Re5 35. Qg2 Rh5+ 36. Kg1 Qxe3+ 37. Qf2 Qh3 38. Qg2 Qxg2+ 39. Kxg2 Bh3+ 40. Kg3 cxd5 41. exd5 Bd7 42. Be7 Re8 43. d6 Rxe7 44. dxe7 Rg5+ 45. Kf2 Be8 46. Rxf7 b5 47. Rf8+ Kg7 48. Bxb5 Bg6 49. e8Q Bxe8 50. Rxe8 Kf6 51. Rf8+ Ke5 52. Rf7 h5 53. Rxa7 Kf4 54. Rf7+ Ke4 55. Rh7 Rc5 56. Bc4 Kd4 57. Kg3 Kc3 58. Kh4 Kb4 59. Rxh5 Rc7 60. Rb5+ Ka3 61. a5 Ra7 62. Kg4 Ra8 63. Kf5 Ra6 64. Ke5 Rh6 65. Kd4 Rc6 66. Rb6 Rc8 67. a6 Ra8 68. Kc5 Rc8+ 69. Kb5 Rd8 70. a7 Kb2 71. Rb8 Rd2 72. a8Q Rd1 73. Kb4 Ra1 74. Qg2+ Kc1 75. Kc3 Ra3 76. Qf1# 1-0

[Event "Cullera op-A 25th"]
[Site "Cullera"]
[Date "2004.07.21"]
[Round "2"]
[White "Pavia Miralles, Jose Manuel"]
[Black "Crecente Penalba, Jose Manuel"]
[Result "1/2-1/2"]
[WhiteElo "2268"]
[BlackElo "2135"]
[PlyCount "53"]
[EventDate "2004.07.??"]
[EventType "swiss"]
[EventRounds "9"]
[EventCountry "ESP"]
[SourceTitle "CBM 101 Extra"]
[Source "ChessBase"]
[SourceDate "2004.09.01"]
[SourceVersion "2"]
[SourceVersionDate "2004.09.01"]
[SourceQuality "1"]

1. d4 d5 2. c4 c6 3. Nf3 Nf6 4. g3 g6 5. Bg2 Bg7 6. 0-0 0-0 7. Nc3 dxc4 8. Ne5 Be6 9. e4 Nbd7 10. Qe2 Nxe5 11. dxe5 Nd7 12. f4 Nb6 13. g4 Qd3 14. Bf3 Qxe2 15. Bxe2 Rad8 16. Be3 f5 17. exf6 exf6 18. f5 Bf7 19. a4 Rfe8 20. Kf2 Nc8 21. Rfd1 Bf8 22. Rxd8 Rxd8 23. a5 a6 24. Ra4 Nd6 25. h4 Be7 26. Bf4 Re8 27. Bf1 1/2-1/2

[Event "Valencia Autonomico-B"]
[Site "Valencia"]
[Date "2004.01.31"]
[Round "3.5"]
[White "Carbonell Bofill, Carlos Eloy"]
[Black "Crecente Penalba, Jose Manuel"]
[Result "0-1"]
[WhiteElo "2279"]
[BlackElo "2135"]
[PlyCount "78"]
[EventDate "2004.01.17"]
[EventType "team-tourn"]
[EventRounds "5"]
[EventCountry "ESP"]
[SourceTitle "CBM 098 Extra"]
[Source "ChessBase"]
[SourceDate "2004.03.10"]
[SourceVersion "2"]
[SourceVersionDate "2004.03.10"]
[SourceQuality "1"]

1. Nf3 Nf6 2. b4 d5 3. Bb2 e6 4. a3 c5 5. bxc5 Bxc5 6. e3 Nc6 7. d4 Bd6 8. Nbd2 0-0 9. Bd3 Bd7 10. Ne5 Qc7 11. f4 Rac8 12. g4 Qa5 13. g5 Bxe5 14. fxe5 Ne4 15. Bxe4 dxe4 16. 0-0 Ne7 17. Nxe4 Bc6 18. Nd6 Rcd8 19. c4 Rxd6 20. exd6 Qxg5+ 21. Kf2 Nf5 22. Ke1 Nxe3 23. Qd2 Qh4+ 24. Qf2 Nc2+ 25. Kd2 Qxf2+ 26. Rxf2 Nxa1 27. Bxa1 Rd8 28. c5 Bd5 29. Bc3 f5 30. h4 Kf7 31. Ke3 Kf6 32. a4 g6 33. Rh2 h6 34. Bd2 g5 35. hxg5+ hxg5 36. Rh7 f4+ 37. Kd3 Bc6 38. Bc3 Kf5 39. Rf7+ Kg4 0-1